000 00484nam a2200217Ia 4500
003 OSt
005 20220923230826.0
006 a|||||r|||| 00| 0
007 ta
008 Pun
024 _a305,908
037 _cTextual
040 _aARTS
_cARTS
_bPun
041 _2Pun
_aPun
082 _aQ2, 153K4
100 _aਤੁਲਸੀ
245 0 _aਦੋ ਅੱਖਰੇ
260 _c1964
942 _hQ2, 153K4
_cTEXL
_2CC
999 _c387695
_d387695